[Event "Gibraltar Masters 8th"]
[Site "Caleta"]
[Date "2010.02.03"]
[Round "9"]
[White "Houska, Jovanka"]
[Black "Allor, Chuckwuka"]
[Result "1/2-1/2"]
[WhiteElo "2401"]
[BlackElo "2100"]
[PlyCount "115"]
[EventDate "2010.01.26"]
[EventType "swiss"]
[EventRounds "10"]
[EventCountry "GGB"]
[SourceTitle "CBM 134 Extra"]
[Source "ChessBase"]
[SourceDate "2010.03.03"]
[SourceVersion "1"]
[SourceVersionDate "2010.03.03"]
[SourceQuality "1"]

1. d4 Nf6 2. Nf3 g6 3. c4 Bg7 4. g3 0-0 5. Bg2 d5 6. cxd5 Nxd5 7. 0-0 Nb6 8. Nc3 Nc6 9. e3 Re8 10. Re1 e5 11. d5 Na5 12. e4 c6 13. b3 cxd5 14. exd5 e4 15. Nxe4 Nxd5 16. Bg5 f6 17. Bd2 Nc6 18. Rc1 Ndb4 19. Nd6 Rxe1+ 20. Bxe1 Be6 21. Nxb7 Qxd1 22. Rxd1 Bf8 23. Nd4 Nxd4 24. Bxb4 Ne2+ 25. Kf1 Bxb4 26. Kxe2 a5 27. Rd8+ Rxd8 28. Nxd8 Bf5 29. Nc6 Bc3 30. Bd5+ Kf8 31. f3 Bd7 32. Nb8 Ke7 33. Kd3 Be5 34. Nxd7 Kxd7 35. f4 Bd6 36. h4 Bc5 37. Ke4 Bf2 38. Kf3 Be1 39. Bg8 h6 40. Bh7 g5 41. Kg4 Ke7 42. Bg8 Kf8 43. Bc4 Kg7 44. a3 Kg6 45. h5+ Kg7 46. b4 axb4 47. a4 b3 48. Bxb3 f5+ 49. Kf3 Kf6 50. Bd5 Ba5 51. Bb7 Bc7 52. Bc8 gxf4 53. gxf4 Ba5 54. Bb7 Bd2 55. Ke2 Bxf4 56. a5 Bb8 57. a6 Kg5 58. Bf3 1/2-1/2

[Event "Gibraltar Challengers-B 8th"]
[Site "Caleta"]
[Date "2010.02.03"]
[Round "4"]
[White "Kawuma, Steven Male"]
[Black "Allor, Chuckwuka"]
[Result "1-0"]
[WhiteElo "2187"]
[BlackElo "2100"]
[PlyCount "61"]
[EventDate "2010.01.31"]
[EventType "swiss"]
[EventRounds "5"]
[EventCountry "GGB"]
[SourceTitle "EXT 2011"]
[Source "ChessBase"]
[SourceDate "2010.11.26"]
[SourceVersion "1"]
[SourceVersionDate "2010.11.26"]
[SourceQuality "1"]

1. e4 c5 2. Nf3 d6 3. d4 cxd4 4. Nxd4 Nf6 5. Nc3 Nc6 6. Bg5 e6 7. Qd2 a6 8. 0-0-0 Bd7 9. f4 b5 10. Nxc6 Bxc6 11. Qd4 Be7 12. Bd3 0-0 13. Kb1 h6 14. Bh4 Rb8 15. h3 b4 16. Ne2 a5 17. g4 Nd7 18. Bxe7 Qxe7 19. Ng3 Rfd8 20. h4 g6 21. g5 e5 22. Qg1 h5 23. f5 Nc5 24. Qe3 Nxd3 25. cxd3 d5 26. Rhf1 dxe4 27. fxg6 fxg6 28. Rf6 Rd6 29. Qc5 Rbd8 30. Rxg6+ Kh8 31. Rh6+ 1-0

[Event "Gibraltar Masters 8th"]
[Site "Caleta"]
[Date "2010.01.30"]
[Round "5"]
[White "Marchand, Francois"]
[Black "Allor, Chuckwuka"]
[Result "1-0"]
[WhiteElo "2244"]
[BlackElo "2100"]
[PlyCount "143"]
[EventDate "2010.01.26"]
[EventType "swiss"]
[EventRounds "10"]
[EventCountry "GGB"]
[SourceTitle "CBM 134 Extra"]
[Source "ChessBase"]
[SourceDate "2010.03.03"]
[SourceVersion "1"]
[SourceVersionDate "2010.03.03"]
[SourceQuality "1"]

1. d4 Nf6 2. c4 g6 3. Nc3 d5 4. Nf3 Bg7 5. Qb3 dxc4 6. Qxc4 0-0 7. e4 Nc6 8. Be2 Bg4 9. d5 Bxf3 10. gxf3 Na5 11. Qd3 c6 12. b4 cxd5 13. bxa5 Nd7 14. exd5 Nc5 15. Qc4 Na4 16. Nxa4 Bxa1 17. Bd2 Rc8 18. Qb3 Qd7 19. Be3 Qc7 20. 0-0 Be5 21. Nc5 Bxh2+ 22. Kg2 Bf4 23. Nxb7 Bxe3 24. fxe3 Qe5 25. f4 Qe4+ 26. Rf3 Qc2 27. Qxc2 Rxc2 28. Rf2 Rfc8 29. e4 Kf8 30. e5 f5 31. d6 exd6 32. exd6 Ke8 33. Bd1 Rxf2+ 34. Kxf2 Rc4 35. Be2 Rxf4+ 36. Kg3 Rb4 37. a6 Rd4 38. Bb5+ Kf7 39. d7 Ke7 40. d8Q+ Rxd8 41. Nxd8 Kxd8 42. Kf4 Kc7 43. Kg5 Kd6 44. Bc4 Ke5 45. Bg8 h5 46. Bf7 h4 47. Kxh4 Kf6 48. Be8 g5+ 49. Kg3 Ke7 50. Bc6 Kd6 51. Ba8 Ke5 52. Kf3 Kd4 53. Bb7 Ke5 54. Bc8 Kf6 55. Ke3 Ke5 56. Bd7 g4 57. Bc8 f4+ 58. Kf2 g3+ 59. Kf3 Kf6 60. Bb7 Kf5 61. Bc8+ Kf6 62. Bh3 Kg5 63. Bg2 Kf5 64. Bh3+ Kg5 65. Ke4 Kh4 66. Bg2 Kg4 67. a3 Kg5 68. Bf3 Kh4 69. Kxf4 Kh3 70. Ke5 g2 71. Bxg2+ Kxg2 72. Kd6 1-0